| 000 | 00410nam a22001457a 4500 | ||
|---|---|---|---|
| 082 | _aP-617 | ||
| 100 |
_aHamza Khalid Ghumman _950800 |
||
| 245 | _aDamage based toll tax and automated tolling systems for motorways in pakistan | ||
| 260 |
_aRisalpur, _bMCE, _c2015. |
||
| 300 | _a86p. | ||
| 526 |
_a0 _b0 _c0 _dP_617 |
||
| 526 |
_a0 _b0 _c0 _dP_617 |
||
| 700 |
_aLt Col Dr Sarfraz Ahmad _950801 |
||
| 942 |
_2ddc _cBK |
||
| 999 |
_c553547 _d553547 |
||